000 00359nam a22000977a 4500
008 150622b xxu||||| |||| 00| 0 eng d
010 _8HCCRSF: 006
245 _aHIGH COURT CRIMINAL SESSION No.437 of 1970 Uganda Vs 1.Girado Okiru 2. Raimond Owor 3. ojwang Etebata 3. Anderia Angura
260 _aHigh Court Kampala
500 _3Before Hon.Mr. Justice A.R.F. Dickson
999 _c6586
_d6586